000 00699nam a2200205 i 4500
001 170019
003 ES-MaACL
005 20260511145843.0
008 090113s1949 fr |||| | fre d
080 _a821.133.1-293
100 _aTroyat, Henri,
_d1911-2007
_9233580
245 1 0 _aSébastien
_b: comédie en trois actes /
_cHenri Troyat.
260 _aParis :
_b[s.n.],
_c1949 (
_fPersan-Beaumont)
300 _a40 p. ;
_c27 cm.
490 1 _aOpera : supplément théatral ;
_v4
500 _aCubierta il. con fot.
830 0 _aOpera : supplément théatral ;
_v4
_9188914
852 4 _aES-MaACL
_jE-12381(2)
_9R.140532
_z. - Biblioteca Jacinto Martínez Lacalle
999 _c170019
_d170019